Music Quiz

Random Music Quiz

Hot Water Music Releases Quiz Stats

 Plays Quiz not verified by Sporcle

Challenge
Share
Tweet
Embed
Score 0/13 Timer 05:00
0 Plays Today
% Correct
Caution
94.7%
Fuel For the Hate Game
71.1%
A Flight and A Crash
68.4%
Alkaline Trio Hot Water Music Split
63.2%
No Division
63.2%
BYO Split Series With Leatherface
60.5%
The New What Next
57.9%
Forever and Counting
57.9%
Moonpies For Misfits
47.4%
Finding The Rhythms
44.7%
Never Ender
42.1%
Till The Wheel's Fall Off
36.8%
Live at the Hardback
23.7%

You're not logged in!

Compare scores with friends on all Sporcle quizzes.
OR
Log In

You Might Also Like...

Show Comments

Extras

Created Sep 22, 2009SourceReportNominate
Tags:hot, release, water

Top Quizzes Today


Score Distribution

Your Account Isn't Verified!

In order to create a playlist on Sporcle, you need to verify the email address you used during registration. Go to your Sporcle Settings to finish the process.

Report this User

Report this user for behavior that violates our Community Guidelines.

Details: